| 000 | 01099nam a2200253 i 4500 | ||
|---|---|---|---|
| 001 | 41667 | ||
| 003 | ES-MaACL | ||
| 005 | 20250902063053.0 | ||
| 007 | t| | ||
| 008 | 030311s1914 cu ||||1| spa d | ||
| 100 | 1 |
_aCastellanos, Jesús, _d1879-1912 _936525 |
|
| 245 | 1 | 4 |
_aLos optimistas : _blecturas y opiniones : crítica de arte / _cJesús Castellanos. |
| 260 |
_a[Habana] : _bAcademia Nacional de Artes y Letras, _c1914 ( _fTalleres Gráf. del "Avisador Comercial") |
||
| 300 |
_a431 p. ; _c21 cm. |
||
| 490 | 1 |
_aColección póstuma publicada por la Academia Nacional de Artes y Letras ; _v1 |
|
| 530 | _aDisponible en formato digital. | ||
| 650 |
_aLiteratura- _xHistoria y crítica. _914489 |
||
| 710 | 2 |
_aAcademia Nacional de Artes y Letras (Cuba) _91211 |
|
| 830 | 1 | 0 |
_aColección póstuma publicada por la Academia Nacional de Artes y Letras _v1 _9192595 |
| 852 |
_aES-MaACL _jF-3451 _cDEPO2 _zRevisado enlace: 9 de julio de 2025 |
||
| 856 | 4 |
_uhttp://bdh-rd.bne.es/viewer.vm?id=0000064228&page=1 _yBiblioteca Digital Hispánica |
|
| 942 | _2udc | ||
| 999 |
_c41667 _d41667 |
||